000
00325nam a22001337a 4500
008
181107b xxu||||| |||| 00| 0 eng d
020
_a
0879674288
041
_a
eng
080
_a
330
100
_a
52
101
_a
EKO
245
_a
Taking Sides: Clashing Views on Controversial Legal Issues
_c
Katsh,M.E
942
_2
udc
_c
BK
999
_c
52080
_d
52080